00343nam a22001337a 4500003000400000008004100004020001800045082001100063100002100074245004600095250001100141260004800152300000900200OSt260223b |||||||| |||| 00| 0 eng d a9788196918828 a658.45 aKHANDUJA,Harjeet aThe Storytelling Leader and Other Stories a1st Ed aNew DelhibKabdwal Book Internationalc2025 a109p